| 000 | 00432nam a22001697a 4500 | ||
|---|---|---|---|
| 003 | OSt | ||
| 008 | 200715b ||||| |||| 00| 0 eng d | ||
| 020 | _a9789386353542 | ||
| 082 | _a158.1 OSC | ||
| 100 | _a Oswal ,Rajesh J and Antre , Rishikesh V | ||
| 245 | _aCommunication & Soft Skill Development | ||
| 250 | _a2019 | ||
| 260 |
_aNew Delhi _bNirali |
||
| 300 | _aPg-10.24 | ||
| 650 | _aCommunication Skills | ||
| 942 |
_2ddc _cBK |
||
| 999 |
_c9060 _d9060 |
||